Statistics for Lazio Current Squad

Click here to take the quiz!

General Stats

  • This quiz has been taken 191 times
    (49 since last reset)
  • The average score is 13 of 29

Answer Stats

#Player% Correct
17Ciro Immobile
95%
10Luis Alberto
84%
94Ivan Provedel
81%
7Felipe Anderson
72%
20Mattia Zaccagni
67%
9Pedro
67%
77Adam Marušić
63%
4Patric
63%
13Alessio Romagnoli
58%
29Manuel Lazzari
56%
21Sergej Milinković-Savić
56%
23Elseid Hysaj
53%
Head CoachMaurizio Sarri
53%
32Danilo Cataldi
51%
15Nicolò Casale
49%
1Luís Maximiano
44%
5Matías Vecino
42%
88Toma Bašić
40%
6Marcos Antônio
30%
34Mario Gila
30%
11Matteo Cancellieri
28%
31Marius Adamonis
16%
96Mohamed Farès
16%
8Jean-Daniel Akpa Akpro
14%
50Marco Bertini
14%
16Dimitrije Kamenović
9%
27Raúl Moro
9%
61Federico Magro
5%
44Romano Floriani Mussolini
2%

Score Distribution

Percentile by Number Answered

Percent of People with Each Score

Your Score History

You have not taken this quiz since the last reset